书目信息 |
| 书名: | Diversity amid globalization | |
| 作者: | Les Rowntree ... [et al.]. | |
| 分册号: | ||
| 分册名: | 出版地: | Upper Saddle River, NJ : |
|
| 出版社: | Prentice Hall | |
| 出版时间: | c2000. | |
| 页数: | xxiii, 663 p. : | |
| 开本: | 28 cm. + | |
| 丛书名: | ||
| 中图分类号: | ||
| 科图分类号: | ||
| 其他分类号: | D0 | |
| 主题词: | ||
| 电子资源: | ||
| 000 | 01109cam a22002894a 450 | |
| 001 | E0736568468 | |
| 005 | 20070425101046.18 | |
| 008 | 991008s2000 njua b 001 0 eng | |
| 010 | @a99052981 | |
| 020 | @a0130806447 (disc). | |
| 020 | @a0130884235 (label on cover). | |
| 020 | @a0133764273. | |
| 040 | @aDLC@cDLC@dDLC | |
| 042 | @apcc | |
| 050 | 00 | @aG128@b.D58 2000 |
| 082 | 00 | @a910@2 21 |
| 090 | @aD0 | |
| 099 | @dD0@ex20 | |
| 245 | 00 | @aDiversity amid globalization :@bworld regions, environment, development / @cLes Rowntree ... [et al.]. |
| 260 | @aUpper Saddle River, NJ :@bPrentice Hall,@cc2000. | |
| 300 | @axxiii, 663 p. :@bcol. ill., col. maps ;@c28 cm. +@e1 computer optical disc (4 3/4 in.). | |
| 504 | @aIncludes bibliographical references. | |
| 650 | 0 | @aGeography. |
| 700 | 1 | @aRowntree, Lester,@d1938- |
| 906 | @a7@bcbc@corignew@d1@eocip@f19@gy-gencatlg | |
| 925 | 0 | @aacquire@b2 shelf copies@xpolicy default |
| 955 | @ato ASCD pa04 10-08-99; jb12 10-12-99; jb10 10-14-99; jb20 to dewey 10-15-99; aa05 10-15-99; jb00 04-06-00; CIP ver. jb11 07-26-00; jb15 08-03-00 to BCCD | |
| Diversity amid globalization : : world regions, environment, development / / Les Rowntree ... [et al.].-Upper Saddle River, NJ : : Prentice Hall, , c2000. |
| xxiii, 663 p. : : col. ill., col. maps ; ; 28 cm. + + 1 computer optical disc (4 3/4 in.). |
| Includes bibliographical references. |
| ISBN 0130806447 (disc). |
| ● |
| 相关链接 |
|
|
|
|
正题名:Diversity amid globalization
索取号:D0/x20
 
预约/预借
| 序号 | 登录号 | 条形码 | 馆藏地/架位号 | 状态 | 备注 |
| 1 | 5199 | 300051994 | 第二样本阅览室/ [索取号:D0/x20] | 在馆 |